00865 a2200121 4500003000500000005001700005040000900022082001400031245006900045260003900114300001300153505057700166Nust20230208104123.0 cNust a954.1,THE aThe first fifty years of the staff College Quetta (1905-1955) /  aQuettabStaff college Quettac1962 a80 pages aThe Emblem (Page-1), The Charter of the staff College in 1905 and 1955 (Page-2), An Historical Sketch covering the first Fifty Years (Page-3), Broad Outline of the Syllabus in 1905 and 1955 (Page-27), Life in the Staff College in 1905 and 1955 (Page-31), The Trophies of the Staff College Officer’ Mess (Page-37), The Owl (Page-41), Commandants of the staff College from 1905 and 1955 (Page-42), The Directing Staff and Students of 1905 (Page-43), The Directing Staff and Students of 1955 (Page-45), Some of the Notable graduates (Page-48), Some Reminiscences (Page-49).